| 000 | 00390nam a22001577a 4500 | ||
|---|---|---|---|
| 003 | CEME | ||
| 005 | 20210628203727.0 | ||
| 008 | 210317b xxu||||| |||| 00| 0 eng d | ||
| 040 | _c. | ||
| 082 | _a27320 | ||
| 100 |
_aSiddique, Manzoor-Ul-Haq _967043 |
||
| 245 | _aHadi heryana hazart shah muhammad ramzan shaheed | ||
| 260 |
_aLAHORE _bHIRRA _c1993 |
||
| 300 | _a206P | ||
| 942 |
_cBK _2ddc |
||
| 999 |
_c574898 _d574898 |
||